| 000 | 00693nam a2200193 a 4500 | ||
|---|---|---|---|
| 008 | 101019s2003 ||||||||||||||||| || u | ||
| 020 | _a9780714847931 | ||
| 050 | _aNA 7125 Oli | ||
| 100 | _aOliver, Paul | ||
| 245 | 1 | 0 |
_aDwellings: the vernacular house world wide _cby Paul Oliver |
| 260 |
_aLondon: _bPhaidon Press _c2003 |
||
| 300 | _a288p.: ill. | ||
| 350 | _a0.00 | ||
| 650 | _aARCHITECTURAL DESIGN--EVALUATION | ||
| 650 | _aDWELLINGS | ||
| 650 | _aARCHITECTURE, DOMESTIC | ||
| 650 | _aVERNACULAR ARCHITECTURE | ||
| 995 |
_D0.00 _FCBU-MAIN LIBRARY (Kitwe) _H1 _I0.00 _M1 _UAVAILABLE _WNov 23, 2010 _ZAnnex Low-Usage Collection |
||
| 999 |
_c40539 _d40539 |
||